| Tag |
First Indicator |
Second Indicator |
Subfields |
| LEADER |
00000cam a2200000 i 4500 |
| 001 |
in00003582607 |
| 005 |
20170928133012.0 |
| 008 |
150430s2015 nyua b 001 0 eng |
| 010 |
|
|
|a 2015005714
|
| 019 |
|
|
|a 904183220
|
| 020 |
|
|
|a 9780807756690
|q paperback
|q alkaline paper
|
| 020 |
|
|
|a 0807756695
|q paperback
|q alkaline paper
|
| 020 |
|
|
|z 9780807773871
|q electronic book
|
| 024 |
8 |
|
|a 40025132578
|
| 035 |
|
|
|a (OCoLC)ocn908286987
|
| 035 |
|
|
|a (OCoLC)908286987
|
| 040 |
|
|
|a DLC
|b eng
|e rda
|c DLC
|d YDX
|d BDX
|d YDXCP
|d BTCTA
|d CDX
|d NBU
|d UtOrBLW
|
| 042 |
|
|
|a pcc
|
| 049 |
|
|
|a TXAM
|
| 050 |
0 |
0 |
|a LB1576.7
|b .A77 2015
|
| 082 |
0 |
0 |
|a 372.60785
|2 23
|
| 245 |
0 |
0 |
|a Assessing students' digital writing :
|b protocols for looking closely /
|c edited by Troy Hicks ; foreword by Richard Beach.
|
| 264 |
|
1 |
|a New York, NY :
|b Teachers College Press,
|c [2015]
|
| 300 |
|
|
|a xviii, 146 pages :
|b illustrations ;
|c 23 cm
|
| 336 |
|
|
|a text
|b txt
|2 rdacontent
|
| 337 |
|
|
|a unmediated
|b n
|2 rdamedia
|
| 338 |
|
|
|a volume
|b nc
|2 rdacarrier
|
| 504 |
|
|
|a Includes bibliographical references and index.
|
| 650 |
|
0 |
|a English language
|x Composition and exercises
|x Computer-assisted instruction.
|
| 650 |
|
0 |
|a English language
|x Composition and exercises
|x Study and teaching
|x Evaluation.
|0 http://id.loc.gov/authorities/subjects/sh87001575
|
| 700 |
1 |
|
|a Hicks, Troy,
|e editor.
|0 http://id.loc.gov/authorities/names/n2009028457
|
| 938 |
|
|
|a Brodart
|b BROD
|n 112162177
|
| 938 |
|
|
|a YBP Library Services
|b YANK
|n 12314657
|
| 938 |
|
|
|a Baker and Taylor
|b BTCP
|n BK0016622955
|
| 938 |
|
|
|a Coutts Information Services
|b COUT
|n 31050133
|
| 947 |
|
|
|a A14842880594
|
| 945 |
|
|
|a PromptCat
|b 297748
|
| 946 |
|
|
|a stk
|
| 994 |
|
|
|a 92
|b TXA
|
| 948 |
|
|
|a Cataloged
|b h
|c 2015/8/27
|d c
|e AReeder
|
| 999 |
f |
f |
|s 9e4a4482-bca4-31b4-aa72-85661046dab6
|i f2ff8a1e-4124-3fdb-8cdc-c48be805784d
|t 0
|
| 952 |
f |
f |
|p normal
|a Texas A&M University
|b College Station
|c Sterling C. Evans Library
|d Evans: Library Stacks
|t 0
|e LB1576.7 .A77 2015
|h Library of Congress classification
|i unmediated -- volume
|m A14842880594
|
| 998 |
f |
f |
|a LB1576.7 .A77 2015
|t 0
|l Evans: Library Stacks
|